000 00627nam a2200181Ia 4500
008 090124s9999 xx 000 0 und d
082 _b123916
100 _aकेलेकर रवीन्द्र
245 _a महात्मा गांधी एक जीवनी
250 _a1
260 _c1987
300 _a179
600 _aकेलेकर रवीन्द्र
630 _a महात्मा गांधी एक जीवनी
700 _aकेलेकर रवीन्द्र
730 _a महात्मा गांधी एक जीवनी
942 _cBOOK
999 _c170003
_d170003